| 000 | 00000nam##2200000za#4500 |
| 001 | 9.601553 |
| 003 | CaOODSP |
| 005 | 20230511091644 |
| 007 | cr ||||||||||| |
| 008 | 150406|2005||||xxc|||||o f|0| 0 fre|d |
| 040 | |aCaOODSP|bfre |
| 043 | |an-cn--- |
| 086 | 1 |aYC26-0/381-8F-PDF |
| 110 | 1 |aCanada. |bParlement. |bSénat. |bComité sénatorial permanent de l'énergie, de l'environnement et des ressources naturelles. |
| 245 | 10|aDéveloppement durable : |h[ressource électronique]|bil est temps de joindre le geste à la parole / |cL'honorable Tommy Banks, président; L'honorable Ethel Cochrane, vice-présidente. |
| 246 | 3 |aDeuxième rapport provisoire du Comité sénatorial permanent de l’Énergie, de l’environnement et des ressources naturelles |
| 260 | |aOttawa - Ontario : |bSénat. |cJuin 2005. |
| 300 | |a20p.|bréférences |
| 490 | 1 |aRapport du Comité sénatorial permanent de l'énergie, de l'environnement et des ressources naturelles|v[38e législature, 1re session, 8e rapport] |
| 590 | |a11-12-Supp|b2011-07-29 |
| 775 | 08|tSustainable development : |w(CaOODSP)9.570909 |
| 830 | #0|aRapport du Comité sénatorial permanent de l'énergie, de l'environnement et des ressources naturelles ;|v[38e législature, 1re session, 8e rapport]|w(CaOODSP)9.502804 |
| 856 | 40|ahttp://publications.gc.ca|qPDF|s169 Ko|uhttps://publications.gc.ca/collections/collection_2011/sen/yc26-0/YC26-0-381-8-fra.pdf|y[38e législature, 1re session, 8e rapport] |